000 01087nam a22002057a 4500
999 _c15506
_d15506
003 AR-CdUCM
008 190411b ||||| |||| 00| 0 spa d
040 _aMUNICIPALIDAD PROVINCIAL DEL CUSCO
_cBIBLIOTECA MUNICIPAL DEL CUSCO
082 _a869.569 /
_bG22 / 1948
100 _aGarcía Calderón, Ventura
_93435
245 _aLa venganza del cóndor /
260 _aMadrid :
_bMundo latino,
_c1948.
300 _a201 páginas ;
_c20 cm.
505 _aContenido: La venganza del cóndor -- La momia -- murió en su ley -- Yacu-mama -- Coca -- Amor indígena -- La selva de los venenos -- Los cerdos flacos -- Historias de caníbales -- Sacrilegio -- La llama blanca -- Fue en el Perú -- En los cañaverales -- Chamico -- Luna de miel -- A la criollita -- El ahogado -- El despenador -- El hombre de los cuarenta y ocho hijos -- Viernes Santo criollo -- Un sonador -- El entierro -- Cuento de mi vieja Lima -- Los males del señor Obispo.
650 _aLiteratura Peruana
_9132
650 _aSiglo XX
_98
650 _aCuentos
_9217
942 _2ddc
_cLIBROS
945 _arah
_d27/04/2019